[Event "Bhubaneswar op 16th"]
[Site "Bhubaneswar"]
[Date "2025.05.12"]
[Round "5"]
[White "Narendra, Agarwal"]
[Black "Das, Arp"]
[Result "1-0"]
[WhiteElo "1812"]
[BlackElo "2056"]
[PlyCount "89"]
[EventDate "2025.05.09"]
[EventType "swiss"]
[EventRounds "10"]
[EventCountry "IND"]
[SourceTitle "CB21_2025"]
[SourceDate "2025.05.21"]
[SourceVersion "1"]
[SourceVersionDate "2025.05.21"]
[SourceQuality "1"]

1. Nf3 d5 2. b3 c5 3. e3 Nf6 4. Bb2 g6 5. Be2 Bg7 6. 0-0 0-0 7. a3 Qc7 8. c4 dxc4 9. Bxc4 Nc6 10. Qc2 Bf5 11. Bd3 Bxd3 12. Qxd3 e5 13. Qc2 e4 14. Ng5 Ng4 15. g3 Bxb2 16. Qxb2 Qe7 17. f4 h6 18. Nh3 Rad8 19. Nc3 f5 20. Nf2 Nf6 21. Rfe1 Rd7 22. Rad1 Rfd8 23. Qc2 Kh7 24. d3 exd3 25. Nxd3 c4 26. bxc4 Qxa3 27. Nb5 Qe7 28. Nd4 Qe4 29. Nxc6 bxc6 30. Qc3 Qe7 31. Nf2 Rxd1 32. Rxd1 Ne4 33. Qa5 Rxd1+ 34. Nxd1 Qd7 35. Nf2 Nd2 36. Qc3 c5 37. Nd3 Ne4 38. Qe5 Qg7 39. Qd5 a5 40. Ne5 h5 41. Qa8 Qc7 42. Kg2 h4 43. Qe8 Qd6 44. Qf7+ Kh6 45. Qg8 1-0

[Event "Hyderabad Varas op"]
[Site "Hyderabad"]
[Date "2024.10.18"]
[Round "6"]
[White "Das, Arp"]
[Black "Neelash, Saha"]
[Result "0-1"]
[WhiteElo "2074"]
[BlackElo "2467"]
[PlyCount "74"]
[EventDate "2024.10.15"]
[EventType "swiss"]
[EventRounds "9"]
[EventCountry "IND"]
[SourceTitle "CB43_2024"]
[Source "Chessbase"]
[SourceDate "2024.10.23"]
[SourceVersion "1"]
[SourceVersionDate "2024.10.23"]
[SourceQuality "1"]

1. d4 Nf6 2. c4 c5 3. d5 b5 4. f3 e6 5. e4 bxc4 6. Nc3 exd5 7. e5 d4 8. exf6 d5 9. Nce2 Qxf6 10. Nf4 Bb7 11. b3 Bd6 12. g3 c3 13. Bb5+ Nd7 14. Kf2 0-0-0 15. h4 a6 16. Bd3 Ne5 17. Qf1 Bc7 18. Nh5 Nxd3+ 19. Qxd3 Qg6 20. Qxg6 hxg6 21. Nf4 c4 22. Nge2 Be5 23. bxc4 dxc4 24. Rb1 d3 25. Rb4 dxe2 26. Rxc4+ Kb8 27. Kxe2 g5 28. Nd3 Bxg3 29. Bxg5 Rhe8+ 30. Be3 f5 31. Rxc3 f4 32. Nc5 fxe3 33. Rxe3 Bf4 34. Rxe8 Rxe8+ 35. Ne4 Bxe4 36. fxe4 Rxe4+ 37. Kf3 Ra4 0-1